U.S. State Capitals with the Tallest Buildings - Statistics

General Stats
  • This quiz has been taken 46 times
  • The average score is 7 of 10
Answer Stats
Height (ft) Building Capital % Correct
790 John Hancock Tower Boston
93%
1,023 Bank of America Plaza Atlanta
88%
875 Sixth X Guadalupe Austin
88%
629 Rhodes State Office Tower Columbus
75%
701 Salesforce Tower Indianapolis
75%
714 Republic Plaza Denver
73%
589 Erastus Corning Tower Albany
60%
617 AT&T Building Nashville
60%
844 Devon Energy Center Oklahoma City
60%
630 801 Grand Building Des Moines
25%
No matching quizzes found
Score Distribution
Percent of People with Each Score
Percentile by Number Answered
Your Score History
You have not taken this quiz